| 000 | 00319nam a22001217a 4500 | ||
|---|---|---|---|
| 020 | _a07-065430-1 | ||
| 082 | _a510 TUM'E | ||
| 100 |
_aTUMA, JAN J _93085 |
||
| 245 | _aENGINEERING MATHEMATICS HANDBOOK DEFINITIONS THEOREMS FORMULAS TABLES | ||
| 260 |
_aNEWYORK _bMCGRAW HILL _c1970 |
||
| 300 | _aXII, 334P | ||
| 942 | _cBK | ||
| 999 |
_c584035 _d584035 |
||